000 01580cam a22004814i 4500
003 PE-LiUPU
005 20250731173512.0
008 150616s1983 xxu rb 000 0 eng d
020 _a0385009542
035 _a(Sirsi) i9780385009546
040 _aPE-LiUPU
_bspa
_cPE-LiUPU
_erda
049 _aPRUA
082 0 4 _a220.7
_bAB1983
_221
100 1 _aGreenberg, Moshe,
_eautor.
245 1 0 _aEzekiel 1-20.
_n22 /
_cMoshe Greenberg.
264 1 _aNew York :
_bThe Anchor Bible Doubleday,
_c1983.
300 _a388 páginas ;
_c24 centímetros.
336 _atext
_2rdacontent
337 _aunmediated
_2rdamedia
338 _avolume
_2rdacarrier
490 1 _aThe Anchor Bible ;
_v22
504 _aIncluye bibliografía.
505 0 _aTranslation, comment, structure and themes.
526 _aSEG42
526 _aSEG41
526 _aSEG40
526 _aSEG39
526 _aP94
526 _aP87
526 _aP86
526 _aP85
526 _aP77
526 _aP76
526 _aP35
630 _aBiblia.
_pA.T.
_pEzequiel
_xComentarios.
910 _ajck
_bjvq
_cjck
942 _2ddc
_cBOOK
949 _a220.7 AB 22 1983
_wDEWEY
_c1
_i41137
_lCCODEBUL1
_mBUL
_r0
_sY
_tBOOK
_u2015-6-16
_xTEOLOGIA
_zUNKNOWN
_0COMPRA
_o.STAFF. Colección Teología
994 _aC0
_bPEPRU
596 _a1
999 _a220.7 AB 22 1983
_wDEWEY
_c58945
_i41137
_d58945
_e2017-4-21
_f2021-11-9
_g5
_lCCODEBUL1
_mBUL
_n2
_p25.00
_q4
_r0
_sY
_tBOOK
_u2015-6-16
_xTEOLOGIA
_PP35
_0COMPRA
_o.STAFF. Colección Teología
980 _81
_gALBERTO SANCHEZ Responsable de Automatización